banner-ar

اساسيات ترميم الاثار / (Record no. 65696)

MARC details
000 -الفاتح
حقل البيانات ثابتة الطول 01004nam a22002417a 4500
005 - وقت وتاريخ اخر تعامل مع التسجيلة
رقم الضبط 20240530110838.0
008 - عناصر البيانات ثابتة الطول - معلومات عامة
حقل البيانات ثابتة الطول 191209s2006 ua a f 000 0 ara d
017 ## - رقم الايداع القانونى
رقم الايداع القانونى 1426/1320
المصدر ( الهيئة المختصة) مصر. دار الكتب
020 ## - الرقم الدولى المعيارى للكتب
الرقم الدولى المعيارى للكتاب 9960378306
040 ## - مصدر الفهرسة
وكالة الفهرسة الأصلية EG-CaGPL
وكالة النسخ EG-CaGPL
082 04 - رقم تصنيف ديوى العشرى
رقم الطبعة 21
رقم التصنيف 913.031
رقم المادة ق/ك ا
100 1# - المدخل الرئيسى - إسم شخصى
الإسم الشخصى كرونين ، ج. ام.
245 10 - بيان العنوان
العنوان اساسيات ترميم الاثار /
بيان المسئوليه,etc تاليف ج. ام. كرونين ، و.س.روبنسون ؛ ترجمة عبدالناصر بن عبدالرحمن الزهرانى
260 ## - PUBLICATION, DISTRIBUTION, ETC. (IMPRINT)
تاريخ النشر أو التوزيع 2006
300 ## - الوصف المادى
التعداد 526 ص. :
تفاصيل ماديه اخرى للوعاء ايض. ؛
أبعاد الوعاء 24 سم.
650 07 - المدخل الاضافى بالموضوع-مصطلح موضوعى
مصدر الرأس أو المصطلح qrmak
مصطلح موضوعي الاثار
التقسيم الفرعي العام ترميم
التقسيم الفرعي الجغرافي مصر
650 07 - المدخل الاضافى بالموضوع-مصطلح موضوعى
مصطلح موضوعي المعادن
مصدر الرأس أو المصطلح qrmak
التقسيم الفرعي العام ترميم
651 ## - المدخل الاضافى بالموضوع - اسم جغرافى
مصدر الرأس أو المصطلح qrmak
700 0# - المدخل الاضافى - اسم شخصى
الإسم الشخصى و . س. روبنسون
الدور مؤلف
700 0# - المدخل الاضافى - اسم شخصى
الإسم الشخصى عبدالناصر بن عبد الرحمن الزهرانى
الدور مترجم
942 ## - عناصر المدخل الإضافي( كوها)
مصدر التصنيف او مخطط الترفيف Dewey Decimal Classification
Koha [default] item type كتاب
260 ## - PUBLICATION, DISTRIBUTION, ETC. (IMPRINT)
-- الرياض :
-- دار جامعة الملك سعود للنشر،
Holdings
حالة التراجع حالة الفقد حالة تلف ليس للاعارة المكان المؤقت الموقع الحالى موقع الترفيف تاريخ الاكتساب اجمالي اﻻعارات رقم الطلب الباركود تاريخ اخر مشاهدة تاريخ تفعيل السعر نوع وعاء كوها
        مكتبة القاهرة الكبرى مكتبة القاهرة الكبرى   12/09/2019   913.031 ق / ك ا 166788 12/09/2019 12/09/2019 كتاب

Powered By

EGPV